Cầm quyền khoa học : Sách tham khảo

Nội dung sách tập trung làm rõ nội hàm cầm quyền khoa học, quy luật cầm quyền khoa học, tư tưởng, phương pháp cầm quyền khoa học. Phân tích làm thế nào để nắm vững và vận dụng tốt cầm quyền khoa học, giảm chi phí, nâng cao hiệu quả. Nêu...

Szczegółowa specyfikacja

Zapisane w:
Opis bibliograficzny
1. autor: Hoàng, Văn Hổ
Format: Książka
Język:Undetermined
Wydane: Hà Nội Chính trị Quốc gia - Sự thật 2014
Hasła przedmiotowe:
Etykiety: Dodaj etykietę
Nie ma etykietki, Dołącz pierwszą etykiete!
Thư viện lưu trữ: Trung tâm Học liệu Trường Đại học Cần Thơ
LEADER 01220nam a2200217Ia 4500
001 CTU_207322
008 210402s9999 xx 000 0 und d
020 |c 121000 
082 |a 324.22 
082 |b H450 
100 |a Hoàng, Văn Hổ 
245 0 |a Cầm quyền khoa học : 
245 0 |b Sách tham khảo 
245 0 |c Hoàng Văn Hổ (chủ biên) ; Hải Anh (dịch)... [et al.] ; Nguyễn Vinh Quang (hiệu đính) 
260 |a Hà Nội 
260 |b Chính trị Quốc gia - Sự thật 
260 |c 2014 
520 |a Nội dung sách tập trung làm rõ nội hàm cầm quyền khoa học, quy luật cầm quyền khoa học, tư tưởng, phương pháp cầm quyền khoa học. Phân tích làm thế nào để nắm vững và vận dụng tốt cầm quyền khoa học, giảm chi phí, nâng cao hiệu quả. Nêu vấn đề xây dựng năng lực cầm quyền của Đảng cầm quyền và xây dựng Đảng cầm quyền. 
650 |a Các đảng chính trị,Political parties 
904 |i Qhieu 
980 |a Trung tâm Học liệu Trường Đại học Cần Thơ